Spon's first stage estimating handbook (Record no. 111147)
[ view plain ]
| 000 -LEADER | |
|---|---|
| fixed length control field | 01580cad a2200265 4500 |
| 001 - CONTROL NUMBER | |
| control field | L151094 |
| 008 - FIXED-LENGTH DATA ELEMENTS--GENERAL INFORMATION | |
| fixed length control field | 060613n2010 000 0 eng u |
| 020 ## - INTERNATIONAL STANDARD BOOK NUMBER | |
| International Standard Book Number | 9780203875933 |
| 035 ## - SYSTEM CONTROL NUMBER | |
| System control number | (Sirsi) u151094 |
| 041 ## - LANGUAGE CODE | |
| Language code of text/sound track or separate title | eng |
| 050 ## - LIBRARY OF CONGRESS CALL NUMBER | |
| Classification number | 692.5 $2 18 |
| 100 ## - MAIN ENTRY--PERSONAL NAME | |
| Personal name | Spain, Bryan |
| 245 ## - TITLE STATEMENT | |
| Title | Spon's first stage estimating handbook |
| Medium | [electronic resource] |
| 250 ## - EDITION STATEMENT | |
| Edition statement | 3rd ed. |
| 260 ## - PUBLICATION, DISTRIBUTION, ETC. | |
| Place of publication, distribution, etc. | Abingdon |
| Name of publisher, distributor, etc. | Taylor & Francis |
| Date of publication, distribution, etc. | 2010 |
| 300 ## - PHYSICAL DESCRIPTION | |
| Extent | eBook |
| 505 2# - FORMATTED CONTENTS NOTE | |
| Formatted contents note | 1 Costs per square metre -- 2 Costs per unit -- 3 Elemental costs -- 4 Composite and principal rates -- 5 Indices and regional variations -- 6 Property insurance -- 7 Professional fees -- 8 Useful addresses -- 9 Estimating data |
| 520 ## - SUMMARY, ETC. | |
| Summary, etc. | This eBook is the only comprehensive and reliable source of first stage estimating costs. Covering the whole spectrum of building costs and a wide range of related M&E work and landscaping work, vital cost data is presented as: costs per square metre; elemental cost analyses; principal rates; and, composite rates. This eBook is ideal for those key early meetings with clients. And with additional sections on whole life costing and general information, this is an essential reference for all construction professionals and clients making early judgements on the viability of new projects. |
| 590 ## - LOCAL NOTE (RLIN) | |
| Local note | ka ntk |
| 650 24 - SUBJECT ADDED ENTRY--TOPICAL TERM | |
| Topical term or geographic name entry element | EBOOK |
| 651 ## - SUBJECT ADDED ENTRY--GEOGRAPHIC NAME | |
| Geographic name | United Kingdom |
| Chronological subdivision | |
| 690 ## - LOCAL SUBJECT ADDED ENTRY--TOPICAL TERM (OCLC, RLIN) | |
| Topical term or geographic name as entry element | BUILT ENVIRONMENT-QUANTITY SURVEYING-CONSTRUCTION COST ESTIMATING |
| 856 ## - ELECTRONIC LOCATION AND ACCESS | |
| Uniform Resource Identifier | <a href="https://www.vlebooks.com/">https://www.vlebooks.com/</a> |
| Public note | View on VLEbooks. Logins for members only from [email protected] |
| 942 ## - ADDED ENTRY ELEMENTS (KOHA) | |
| Suppress in OPAC | 0 |
| Withdrawn status | Lost status | Source of classification or shelving scheme | Damaged status | Not for loan | Home library | Current library | Shelving location | Date acquired | Total Checkouts | Full call number | Barcode | Date last seen | Copy number | Price effective from | Koha item type |
|---|---|---|---|---|---|---|---|---|---|---|---|---|---|---|---|
| Dewey Decimal Classification | Virtual | Virtual | Online | 29/09/2010 | EBOOK | 151094-2001 | 06/08/2019 | 1 | 06/08/2019 | Book |